Doña Lucía (Record no. 164867)

MARC details
000 -LEADER
campo de control de longitud fija 00789nam a22001935i 4500
001 - NÚMERO DE CONTROL
campo de control 164867
003 - IDENTIFICADOR DE NÚMERO DE CONTROL
campo de control ES-MaACL
005 - FECHA Y HORA DE LA ÚLTIMA TRANSACCIÓN
campo de control 20230906213025.0
008 - DATOS DE LONGITUD FIJA--INFORMACIÓN GENERAL
campo de control de longitud fija 990310s1886 sp |||| | spa d
040 ## - FUENTE DE CATALOGACIÓN
Centro catalogador/agencia de origen CCPB | B
Lengua de catalogación spa
Centro/agencia transcriptor CCPB | B
080 ## - NÚMERO DE LA CLASIFICACIÓN DECIMAL UNIVERSAL
Número de la Clasificación Decimal Universal 821.134.2-31"18"
100 1# - ENTRADA PRINCIPAL--NOMBRE DE PERSONA
Nombre de persona Sbarbi y Osuna, José María.
9 (RLIN) 132521
245 10 - MENCIÓN DEL TÍTULO
Título Doña Lucía
Resto del título : novela histórica o historia novelesca /
Mención de responsabilidad, etc. [José María Sbarbi].
260 ## - PUBLICACIÓN, DISTRIBUCIÓN, ETC.
Lugar de publicación, distribución, etc. Madrid :
Nombre del editor, distribuidor, etc. [s.n.],
Fecha de publicación, distribución, etc. 1886 (
Fabricante Imprenta de la viuda é hija de Fuentenebro)
300 ## - DESCRIPCIÓN FÍSICA
Extensión XXII, 246 p. ;
Dimensiones 18 cm.
594 ## - Nota al título y mención de responsabilidad
Nota al título y mención de responsabilidad Autor tomado de Palau.
852 ## - LOCALIZACIÓN
Ubicación ES-MaACL
Número de control de estantería L-4899(6-2)
Nota libre -- Enc. hol., conservando la cub. original
-- .- Donativo Roda
852 ## - LOCALIZACIÓN
Ubicación ES-MaACL
Número de control de estantería T-598-F-2
Nota libre -- Enc. hol., conservando la cub. original
-- -- Enc. en un vol. facticio
Holdings
Estatus retirado Estado de pérdida Estado de daño No para préstamo Colección Biblioteca de origen Biblioteca actual Ubicación en estantería Fecha de adquisición Total de préstamos Signatura topográfica completa Código de barras Visto por última vez Precio de reemplazo Tipo de ítem Koha Fuente de adquisición
        Colección de folletos Biblioteca del Ateneo de Madrid Biblioteca del Ateneo de Madrid Depósito folletos 17/01/2008   T-598-F-2 1172829 23/02/2023 23/02/2023 Folleto  
        Libros del s. XIX Biblioteca del Ateneo de Madrid Biblioteca del Ateneo de Madrid Depósito 2 17/01/2008   L-4899(6-2) 1172828 23/02/2023 23/02/2023 Libro impreso antiguo